Energy Laws in India: based on the electricity act,2003 & state electricity acts (Record no. 1312024)

MARC details
000 -LEADER
fixed length control field 00530nam a2200169Ia 4500
005 - DATE AND TIME OF LATEST TRANSACTION
control field 20250612152446.0
008 - FIXED-LENGTH DATA ELEMENTS--GENERAL INFORMATION
fixed length control field 008 250505s9999 xx 000 0 eng d
020 ## - INTERNATIONAL STANDARD BOOK NUMBER
International Standard Book Number 9789393850324
040 ## - CATALOGING SOURCE
Language of cataloging eng
Transcribing agency ILCL
041 ## - LANGUAGE CODE
Language code of text/sound track or separate title eng
Source of code eng
100 ## - MAIN ENTRY--PERSONAL NAME
Personal name Niranjan, Raj Singh
245 #0 - TITLE STATEMENT
Title Energy Laws in India: based on the electricity act,2003 & state electricity acts
260 ## - PUBLICATION, DISTRIBUTION, ETC.
Place of publication, distribution, etc. Delhi
Name of publisher, distributor, etc. Law and Justice Publishing Company
Date of publication, distribution, etc. 2023
300 ## - PHYSICAL DESCRIPTION
Extent lxviii,422p.
700 ## - ADDED ENTRY--PERSONAL NAME
Personal name Patel, Rajni
942 ## - ADDED ENTRY ELEMENTS (KOHA)
Koha item type Textbook
Source of classification or shelving scheme
700 ## - ADDED ENTRY--PERSONAL NAME
-- 78926
999 ## -
-- 1312024
-- 1312024
Holdings
Withdrawn status Lost status Damaged status Not for loan Home library Current library Date acquired Source of acquisition Cost, normal purchase price Inventory number Total checkouts Barcode Date last seen Price effective from Koha item type
        Integrated Law Course library Integrated Law Course library 7-03-24 Apple Books 750.00 006 dt. 03-07-2024   IL1863184 2025-05-06 2025-05-06 Textbook
        Integrated Law Course library Integrated Law Course library 7-03-24 Apple Books 750.00 006 dt. 03-07-2024   IL1863185 2025-05-06 2025-05-06 Textbook
        Integrated Law Course library Integrated Law Course library   Singhal Publications 750.00 2538 dt.26-06-2024   IL1863808 2025-05-06 2025-05-06 Textbook
Copyright @ Delhi University Library System